Tercera noticia historial de la conquista de tierra firme en las indias Occidentales

Saved in:
Bibliografiske detaljer
Hovedforfatter: Simón, Pedro (Author)
Format: Bog
Sprog:spansk
Udgivet: Madrid Publicaciones españolas 1961
Serier:El Libro Para Todos, 9
Fag:
Tags: Tilføj Tag
Ingen Tags, Vær først til at tagge denne postø!

MARC

LEADER 00000nam a2200000 a 4500
001 UCO2919
003 CL-VaPUC
008 000608e19610000SP |||||||||||||||||spa|d
082 0 4 |a 980.013  |b SIM  |2 21 
100 0 |a Simón, Pedro  |e author  |9 446665 
245 1 0 |a Tercera noticia historial de la conquista de tierra firme en las indias Occidentales 
300 |a 366 p 
942 |c BK 
945 |d 20000608 00:00:00  |a rherrera 
260 |a Madrid  |b Publicaciones españolas  |c 1961 
650 7 |a HISTORIA DE AMERICA SIGLO 15  |2 CL-VaPUC  |9 446291 
650 0 |a Descubrimiento y Conquista de América  |9 446281 
651 0 |a América  |9 255182 
583 |a last modification  |c 20160817 01:14:30  |k Rodrigo Vera 
490 0 |a El Libro Para Todos, 9 
999 |c 289409  |d 289407 
952 |0 0  |1 0  |4 0  |6 980_013000000000000_SIM_1961  |7 0  |8 A  |9 337785  |a BIBHIS  |b BIBHIS  |d 2019-11-20  |i 1289160  |o 980.013 SIM 1961  |p 1289160  |r 2025-01-20  |w 2019-11-20  |y BK  |k HIS